[Event "It"]
[Site "Alushta UKR"]
[Date "2000.10.17"]
[Round "3"]
[White "Olenin,N"]
[Black "Shishkin,V"]
[Result "0-1"]
[WhiteElo "2408"]
[BlackElo "2415"]

1.e4 c5 2.Nf3 Nc6 3.d4 cxd4 4.Nxd4 Nf6 5.Nc3 d6 6.Bg5 e6 7.Qd2 a6 8.O-O-O Bd7
9.f4 b5 10.Nf3 b4 11.Bxf6 Qxf6 12.Ne2 Qd8 13.Kb1 Be7 14.g4 Qb6 15.h4 Rd8
16.Ng3 a5 17.g5 Bc8 18.Bd3 d5 19.Qe2 dxe4 20.Nxe4 O-O 21.Ne5 Nd4 22.Nf6+ Bxf6
23.Bxh7+ Kxh7 24.Qh5+ Kg8 25.gxf6 Nxc2 26.Kxc2 Bb7 27.fxg7 Be4+ 28.Nd3 Qc6+
29.Kb1 Bxd3+ 30.Ka1 Kxg7 31.Rdg1+ Bg6 32.Qe5+ f6 33.Qe3 Kf7 34.h5 Be4 35.Rh3 Rd3
36.Qa7+ Qd7 37.Qxd7+ Rxd7 38.h6 Bg6 39.Rhg3 Rg8 40.a3 bxa3 41.Rxa3 Bf5 42.Rh1 Rd5
43.Rc3 Rd7 44.Ra3 Ra7 45.b4 Be4 46.Rh2 a4 47.Kb2 Kg6 48.Rg3+ Kh7 49.Rxg8 Kxg8
50.Ka3 Kh7 51.b5 Bd5 52.Rh3 Rb7  0-1

[Event "Essent Open"]
[Site "Hoogeveen NED"]
[Date "2000.10.18"]
[Round "6"]
[White "Hommeles,T"]
[Black "Werle,J"]
[Result "0-1"]
[WhiteElo "2409"]
[BlackElo "2311"]

1.e4 c5 2.Nf3 d6 3.d4 cxd4 4.Nxd4 Nf6 5.Nc3 Nc6 6.Bg5 e6 7.Qd2 a6 8.O-O-O h6
9.Be3 Be7 10.f4 Nxd4 11.Bxd4 b5 12.Be2 b4 13.Na4 Rb8 14.Qe3 Qc7 15.b3 Bd7
16.Kb1 Bxa4 17.bxa4 O-O 18.Bxa6 Qc6 19.Bb5 Qxe4 20.Qxe4 Nxe4 21.Rhe1 d5 22.Kb2 f5
23.Kb3 Bd6 24.g3 g5 25.Rf1 Kf7 26.Bd3 gxf4 27.gxf4 Rg8 28.a5 Nc5+ 29.Bxc5 Bxc5
30.a6 Rgc8 31.Kb2 Bd4+ 32.Kb1 Bc3 33.Rf3 Rc5 34.Rh3 Bg7 35.Rg1 Ra5 36.Rhg3 Bd4
37.R1g2 Rc8 38.Rh3 Rc3 39.Rxh6 Rxa2 40.Rh7+ Kf8  0-1

[Event "It"]
[Site "Alushta UKR"]
[Date "2000.10.19"]
[Round "5"]
[White "Olenin,N"]
[Black "Andreev,Ed"]
[Result "1/2-1/2"]
[WhiteElo "2408"]
[BlackElo "2433"]

1.e4 c5 2.Nf3 Nc6 3.d4 cxd4 4.Nxd4 Nf6 5.Nc3 d6 6.Bg5 e6 7.Qd2 a6 8.O-O-O Be7
9.f4 Nxd4 10.Qxd4 b5 11.Bxf6 gxf6 12.f5 Qc7 13.fxe6 fxe6 14.Be2 Qc5 15.Qxc5 dxc5
16.Bh5+ Kf8 17.Rhf1 Kg7 18.Ne2 Rd8 19.Nf4 Rxd1+ 20.Rxd1 Ra7 21.Bg4 f5 22.exf5 exf5  1/2-1/2

[Event "TCh-FIN 00-01"]
[Site "FIN"]
[Date "2000.10.21"]
[Round "3"]
[White "Linnanen,L"]
[Black "Sorsa,N"]
[Result "1/2-1/2"]
[WhiteElo "2189"]
[BlackElo "2245"]

1.e4 c5 2.Nf3 d6 3.Nc3 Nf6 4.d4 cxd4 5.Nxd4 Nc6 6.Bg5 e6 7.Qd2 a6 8.O-O-O h6
9.Be3 Nxd4 10.Bxd4 b5 11.f3 Be7 12.g4 Bd7 13.Bd3 b4 14.Ne2 e5 15.Be3 Rb8
16.c4 Be6 17.Kb1 Nd7 18.Ng3 g6 19.Nf5 Nc5 20.Ng7+ Kf8 21.Bxh6 Kg8 22.Nxe6 Nxe6
23.Be3 a5 24.Be2 a4 25.h4 a3 26.b3 g5 27.hxg5 Rxh1 28.Rxh1 Bxg5 29.Bxg5 Qxg5
30.Qxg5+ Nxg5 31.Rd1 Rb6 32.Rd5 Ne6 33.Rb5 Rxb5 34.cxb5 Nc5 35.Bc4 Kf8 36.b6 f6
37.Kc2 Ke7 38.Bd5 Kd8 39.Kd2 Kc8 40.Ke3 Kb8 41.Kd2  1/2-1/2

[Event "Tch-AUT 2000-01"]
[Site "Maierhofen/Zillertal AUT"]
[Date "2000.10.21"]
[Round "1"]
[White "Janetschek,K"]
[Black "Kwatschewsky,L"]
[Result "1/2-1/2"]
[WhiteElo "2280"]
[BlackElo "2287"]

1.e4 c5 2.Nf3 Nc6 3.d4 cxd4 4.Nxd4 Nf6 5.Nc3 d6 6.Bg5 e6 7.Qd2 Be7 8.O-O-O O-O
9.f4 Nxd4 10.Qxd4 Qa5 11.e5 dxe5 12.Qxe5 Qxe5 13.fxe5 Nd5 14.Bxe7 Nxe7 15.Bd3 b6
16.Be4 Rb8 17.Rhe1 a6 18.Rd6 b5 19.b4 f5 20.exf6 gxf6 21.g3 f5 22.Bf3 Ng6
23.h4 Nh8 24.Bh5 Nf7 25.Bxf7+ Kxf7 26.Re5 Ke7 27.Rc6 Rd8  1/2-1/2

[Event "It"]
[Site "Alushta UKR"]
[Date "2000.10.22"]
[Round "8"]
[White "Andreev,Ed"]
[Black "Ragozin,E"]
[Result "1-0"]
[WhiteElo "2433"]
[BlackElo "2489"]

1.e4 c5 2.Nf3 d6 3.d4 cxd4 4.Nxd4 Nf6 5.Nc3 Nc6 6.Bg5 e6 7.Qd2 a6 8.O-O-O h6
9.Be3 Bd7 10.f4 Be7 11.Kb1 b5 12.Bd3 Qc7 13.h3 Nxd4 14.Bxd4 b4 15.Ne2 e5
16.Be3 Qa5 17.g4 Be6 18.Nc1 exf4 19.Bxf4 d5 20.Nb3 Qa4 21.e5 Ne4 22.Qg2 O-O
23.Bxe4 dxe4 24.Qxe4 Ra7 25.c4 Rc8 26.Nd4 Rxc4 27.b3 Rxd4 28.Qxd4 Qc6 29.Qxa7 Qe4+
30.Kb2 Qxf4 31.Qd4 Qf3 32.Rh2 a5 33.Rd3 Qb7 34.Rhd2 a4 35.bxa4 Qa6 36.Qe4 g6
37.Rd6 Bxd6 38.exd6 Qxa4 39.Qxe6 fxe6 40.d7 Qa3+ 41.Kb1  1-0

[Event "TCh-SVK"]
[Site "SVK"]
[Date "2000.10.22"]
[Round "2"]
[White "Podoba,M"]
[Black "Krak,T"]
[Result "1-0"]
[WhiteElo "2127"]
[BlackElo "2070"]

1.e4 c5 2.Nf3 Nc6 3.d4 cxd4 4.Nxd4 Nf6 5.Nc3 d6 6.Bg5 e6 7.Bb5 Bd7 8.Bxc6 bxc6
9.Qf3 Qb6 10.O-O-O Be7 11.e5 dxe5 12.Bxf6 gxf6 13.Nb3 Qb4 14.g3 f5 15.Rhe1 e4
16.Qf4 Rc8 17.Rd4 Qb8 18.Qd2 Rc7 19.Rd1 Rg8 20.h4 Qc8 21.Na4 Bf6 22.Rc4 c5
23.Naxc5 Bc6 24.Qd6 Bd5 25.Rxd5 exd5 26.Nxe4  1-0

[Event "It"]
[Site "Alushta UKR"]
[Date "2000.10.23"]
[Round "9"]
[White "Zubarev,A1"]
[Black "Shishkin,V"]
[Result "1/2-1/2"]
[WhiteElo "2456"]
[BlackElo "2415"]

1.e4 c5 2.Nf3 Nc6 3.d4 cxd4 4.Nxd4 Nf6 5.Nc3 d6 6.Bg5 e6 7.Qd2 a6 8.O-O-O Nxd4
9.Qxd4 Be7 10.f4 b5 11.Bxf6 gxf6 12.f5 Qc7 13.Be2 h5 14.Rhf1 Qc5 15.Qxc5 dxc5
16.e5 Rh6 17.Bf3 Rb8 18.fxe6 Bxe6 19.Nd5 fxe5 20.Nc7+ Kf8 21.Nxe6+ Rxe6 22.Bxh5 f6
23.Bg4 Reb6 24.Bf5 Kf7 25.h4 Rh8 26.Rh1 Rd6 27.g4 Rxd1+ 28.Kxd1 Rd8+ 29.Ke2 Bf8
30.a4 bxa4 31.Ra1 Rd4 32.c3 Rf4 33.Rd1 Ke8 34.h5 Rc4 35.Kd3 Rf4 36.Ke2 Rc4
37.Rd7 a3 38.bxa3 Rxc3 39.Ra7 Bh6 40.Rh7 Bg5 41.h6 e4 42.Bg6+ Kd8 43.Rh8+ Kc7
44.h7  1/2-1/2

[Event "22nd Open"]
[Site "Arco ITA"]
[Date "2000.10.23"]
[Round "3"]
[White "Antoniacci,R"]
[Black "Patelli,A"]
[Result "1-0"]
[WhiteElo "2065"]
[BlackElo "2244"]

1.e4 c5 2.Nf3 d6 3.d4 cxd4 4.Nxd4 Nf6 5.Nc3 Nc6 6.Bg5 e6 7.Qd2 a6 8.O-O-O h6
9.Bf4 Ne5 10.Nf3 Nxf3 11.gxf3 d5 12.Rg1 Be7 13.exd5 exd5 14.Nxd5 Nxd5 15.Qxd5 Qxd5
16.Rxd5 Be6 17.Rd2 Bf6 18.Kb1 Rc8 19.Bd3 g5 20.Bd6 Rc6 21.Be4 Rb6 22.b3 Be7
23.Bc7 Rb4 24.a3 Rb5 25.a4 Rc5 26.Bb6 Rc8 27.Bxb7 Rb8 28.Bd4 O-O 29.Bxa6 Rfd8
30.Be3 Bf5 31.Rxd8+ Bxd8 32.Bc4 Bf6 33.h4  1-0

[Event "It"]
[Site "Alushta UKR"]
[Date "2000.10.24"]
[Round "10"]
[White "Olenin,N"]
[Black "Ragozin,E"]
[Result "1/2-1/2"]
[WhiteElo "2408"]
[BlackElo "2489"]

1.e4 c5 2.Nf3 Nc6 3.d4 cxd4 4.Nxd4 Nf6 5.Nc3 d6 6.Bg5 e6 7.Qd2 a6 8.O-O-O h6
9.Be3 Bd7 10.f3 b5 11.Kb1 Na5 12.g4 Qc7 13.Qf2 Nc4 14.Bxc4 Qxc4 15.h4 g6
16.Nb3 a5 17.Bd4 e5 18.Bb6 a4 19.Na5 Qc8 20.a3 Bc6 21.Nxc6 Qxc6 22.g5 hxg5
23.hxg5 Rxh1 24.Rxh1 Nh5 25.Nd5 Rc8 26.Be3 Bg7 27.Rd1 Qb7 28.Qd2 Rc4 29.Nb4 Bf8
30.Qd5 Qd7 31.Qa8+ Rc8 32.Qa6 f5 33.gxf6 Nxf6 34.Nd5 Nxd5 35.Rxd5 Rb8 36.Bc5 Qh3
37.Qc6+ Qd7 38.Qa6 Qh3 39.Ka2 Qc8 40.Qxc8+ Rxc8 41.Bxd6 Bxd6 42.Rxd6 Ke7
43.Rxg6 Rxc2 44.Kb1 Rc8 45.Rg2 Rf8 46.Rf2 Kd6 47.Kc2 Rc8+ 48.Kd3 Rc1 49.Rc2 Rf1
50.Ke3 Re1+ 51.Re2 Rb1 52.Rd2+ Ke6 53.Rf2 Kd6 54.f4 Re1+ 55.Kf3 exf4 56.Kxf4 Rh1
57.Rd2+ Ke6 58.Rd5 Rh4+ 59.Ke3 Rh3+ 60.Kd2 b4 61.axb4 Rb3 62.Rb5 Rxb2+ 63.Kc3 a3
64.Ra5 Re2 65.Kd4 a2 66.Ra6+ Kd7 67.Ke5  1/2-1/2

[Event "1st It A"]
[Site "Salou ESP"]
[Date "2000.10.24"]
[Round "8"]
[White "Oratovsky,M"]
[Black "Tyomkin,D"]
[Result "0-1"]
[WhiteElo "2486"]
[BlackElo "2522"]

1.e4 c5 2.Nf3 d6 3.d4 cxd4 4.Nxd4 Nf6 5.Nc3 Nc6 6.Bg5 e6 7.Qd2 a6 8.O-O-O h6
9.Be3 Be7 10.f4 Nxd4 11.Bxd4 b5 12.Bd3 b4 13.Na4 Rb8 14.e5 dxe5 15.Bxe5 Bd7
16.f5 Bxa4 17.fxe6 Rc8 18.exf7+ Kxf7 19.Qf4 Qb6 20.Bc4+ Rxc4 21.Qxc4+ Kg6
22.Rhe1 Bb5 23.Qf4 Rc8 24.g4 Qc5 25.Qf5+ Kf7 26.h4 g6 27.Qe6+ Kxe6 28.Bd6+ Ne4
29.Rxe4+ Kf6 30.Bxc5 Rxc5 31.Rde1 Rc7 32.R1e3 Kf7 33.Rf3+ Kg7 34.h5 Bg5+
35.Kb1 Bc6 36.Rc4 Re7 37.Rf1 Bb5  0-1

[Event "It"]
[Site "Alushta UKR"]
[Date "2000.10.25"]
[Round "11"]
[White "Zubarev,A1"]
[Black "Andreev,Ed"]
[Result "1/2-1/2"]
[WhiteElo "2456"]
[BlackElo "2433"]

1.Nf3 c5 2.e4 Nc6 3.d4 cxd4 4.Nxd4 Nf6 5.Nc3 d6 6.Bg5 e6 7.Qd2 Be7 8.O-O-O O-O
9.f4 h6 10.Bh4 e5 11.Nf5 Bxf5 12.exf5 exf4 13.Kb1 d5 14.Bxf6 Bxf6 15.Nxd5 Be5
16.Bc4 b5 17.Bb3 a5 18.a3 a4 19.Ba2 b4 20.axb4 a3 21.b5 Qb8 22.b4 Qxb5 23.Rhe1 Rad8
24.c3 Kh8 25.g3 f3 26.Qd3 Qa4 27.Re4 Bxc3 28.f6 Rxd5 29.fxg7+ Bxg7 30.Qxd5 Rd8
31.Qxd8+ Nxd8 32.Rxd8+ Kh7 33.Rf4 f2 34.Rd2 Qxb4+ 35.Rxb4 f1=Q+ 36.Kc2 Qa1
37.Bb1 Qc3+ 38.Kd1+ Kg8 39.Rb8+ Bf8 40.Rdd8 Kg7 41.Rxf8 Qd4+ 42.Ke2 Qc4+
43.Kf3 a2 44.Rg8+ Kf6 45.Bxa2 Qxa2 46.Rb6+ Ke7 47.Rb7+  1/2-1/2

[Event "34th Olympiad"]
[Site "Istanbul TUR"]
[Date "2000.10.29"]
[Round "2"]
[White "Portisch,L"]
[Black "Htun Lynn Kyaw1"]
[Result "1-0"]
[WhiteElo "2573"]
[BlackElo "2427"]

1.e4 c5 2.Nf3 d6 3.d4 cxd4 4.Nxd4 Nf6 5.Nc3 Nc6 6.Bg5 e6 7.Qd2 a6 8.O-O-O Bd7
9.f3 Be7 10.h4 Rc8 11.Nxc6 Rxc6 12.g4 Qa5 13.Kb1 b5 14.Bd3 b4 15.Ne2 e5 16.Ng3 Be6
17.b3 Qb6 18.Be3 Qb7 19.g5 Nd7 20.Nf5 Bf8 21.f4 g6 22.Nd4 exd4 23.Bxd4 Ne5
24.fxe5 Bg7 25.Qh2 Qb8 26.h5 dxe5 27.h6 Bf8 28.Bxe5 Bd6 29.Bxd6 Rxd6 30.Qe5 Ke7
31.Qf6+ Kd7 32.e5 Rd5 33.Bc4  1-0

[Event "34th Olympiad"]
[Site "Istanbul TUR"]
[Date "2000.10.31"]
[Round "4"]
[White "Dutreeuw,M"]
[Black "Gonzalez Garcia,J"]
[Result "1/2-1/2"]
[WhiteElo "2402"]
[BlackElo "2440"]

1.e4 c5 2.Nf3 d6 3.d4 cxd4 4.Nxd4 Nf6 5.Nc3 Nc6 6.Bg5 e6 7.Qd2 Qb6 8.O-O-O Nxd4
9.Qxd4 Qxd4 10.Rxd4 a6 11.Bxf6 gxf6 12.Na4 d5 13.exd5 b5 14.Nc3 Bb7 15.dxe6 fxe6
16.Rg1 f5 17.g3 Bh6+ 18.f4 Bf8 19.b4 Bg7 20.Rd3 Rc8 21.Ne2 Be4 22.Rd2 Ke7
23.Bg2 Bxg2 24.Rxg2 Rc4 25.a3 Ra8 26.c3 a5 27.Rc2 axb4 28.axb4 Ra1+ 29.Kd2 h5
30.Rg1 Ra8 31.Rd1 h4 32.Ke3 Rac8 33.Rdc1 e5 34.fxe5 Bxe5 35.Nf4 Bxf4+ 36.gxf4 Re4+
37.Kf3 Rcc4 38.Re2 Rxe2 39.Kxe2 Rxf4 40.Rd1 Re4+ 41.Kf3 Ke6 42.Rd8 Rc4 43.Re8+ Kf6
44.Re3 Kg5 45.Rd3 Rc6 46.h3 Rc7 47.Kg2 Kf4 48.Rd5 Rxc3 49.Rxb5 Rc2+ 50.Kf1 Rb2
51.Rb8 Kf3 52.Ke1 f4 53.b5 Rb1+ 54.Kd2 Kf2 55.b6 f3 56.b7 Rb6 57.Kd3 Rd6+
58.Kc4 Rd7 59.Kc5 Rg7 60.Kc6 Rg6+ 61.Kc5 Rg5+ 62.Kc6 Rg6+ 63.Kc5 Rg7 64.Kc6 Kg2
65.Rf8 Rxb7 66.Kxb7 f2 67.Kc6 f1=Q  1/2-1/2

[Event "Chigorin Mem"]
[Site "St Petersburg RUS"]
[Date "2000.10.31"]
[Round "1"]
[White "Gafner,E"]
[Black "Klimov,S"]
[Result "0-1"]
[WhiteElo "2258"]
[BlackElo "2435"]

1.e4 c5 2.Nf3 d6 3.d4 cxd4 4.Nxd4 Nf6 5.Nc3 Nc6 6.Bg5 e6 7.Qd2 a6 8.O-O-O h6
9.Bxf6 Qxf6 10.Nb3 b5 11.Kb1 b4 12.Na4 Qd8 13.Qe3 Rb8 14.Nd2 Be7 15.Nc4 Qc7
16.f4 O-O 17.Bd3 Rd8 18.e5 dxe5 19.fxe5 Nd4 20.b3 Bb7 21.Rhf1 Bc6 22.Nab2 Nb5
23.Rde1 Nc3+ 24.Ka1 a5 25.Rf2 Bb5 26.Qg3 Bc5 27.Rf6 Bxc4 28.bxc4 a4 29.Rxh6 a3
30.Rh7 axb2+ 31.Kxb2 f5 32.Qh4 Qa7 33.Kc1 Be3+ 34.Rxe3 Qxe3+ 35.Kb2 Na4+
36.Kb3  0-1

[Event "34th Olympiad"]
[Site "Istanbul TUR"]
[Date "2000.11.01"]
[Round "5"]
[White "Smith,Ro"]
[Black "Peralta,E"]
[Result "1/2-1/2"]
[WhiteElo "2270"]
[BlackElo "2330"]

1.e4 c5 2.Nf3 d6 3.d4 cxd4 4.Nxd4 Nf6 5.Nc3 Nc6 6.Bg5 e6 7.Qd2 Be7 8.O-O-O O-O
9.Nb3 a6 10.Bxf6 gxf6 11.f4 Kh8 12.Be2 Rg8 13.Bh5 Rg7 14.Rhf1 b5 15.g3 b4
16.Ne2 a5 17.Nbd4 Nxd4 18.Nxd4 Bb7 19.Bf3 Qb6 20.f5 e5 21.Ne2 a4 22.Kb1 Rgg8
23.Nc1 Rgc8 24.Qf2 Qa5 25.Qe3 b3 26.cxb3 a3 27.bxa3 Qxa3 28.Qd2 d5 29.exd5 Bb4
30.Qb2 Qa5 31.Ne2 Ba6 32.d6 Ba3 33.Qd2 Bb4 34.Qb2 Ra7 35.g4 Rd7 36.g5 Rcd8
37.Rd5 Qb6 38.gxf6 Rxd6 39.Rfd1 Rxd5 40.Bxd5 Qe3 41.Nc1 e4 42.Qg2 Qh6 43.Qg7+ Qxg7
44.fxg7+ Kxg7 45.Rg1+ Kf6 46.Bxe4 Rd2 47.Rg2 Rd1 48.Kb2 Re1 49.Bd3 Bb7 50.Rg4 Bd2
51.Ne2 Rh1 52.Rh4 h6 53.Ng3 Rg1 54.Ne4+ Bxe4 55.Bxe4 Bg5 56.Rh3 Bf4 57.b4 Re1
58.Bd3 Rd1 59.a4 Ke5 60.Bc2 Rd4 61.Rb3 Bd2 62.Ka3 Bc1+ 63.Ka2 Bd2 64.Rd3 Bxb4
65.Kb3 Bd2 66.Rxd4 Kxd4 67.Bd1 Ba5 68.Bh5 f6 69.Bg6 Be1 70.h3 Ba5 71.h4 Ke5  1/2-1/2

[Event "34th Olympiad"]
[Site "Istanbul TUR"]
[Date "2000.11.02"]
[Round "6"]
[White "Renteria,J"]
[Black "Fernando,D"]
[Result "0-1"]
[WhiteElo "2271"]
[BlackElo "2257"]

1.e4 c5 2.Nf3 d6 3.d4 cxd4 4.Nxd4 Nf6 5.Nc3 Nc6 6.Bg5 e6 7.Qd2 Be7 8.O-O-O Nxd4
9.Qxd4 a6 10.f4 b5 11.Bxf6 gxf6 12.e5 d5 13.Kb1 Rg8 14.f5 b4 15.Ne2 fxe5
16.Qxe5 Bf6 17.Qf4 e5 18.Qf3 Bb7 19.Ng3 Qb6 20.Nh5 O-O-O 21.Nxf6 Qxf6 22.Qf2 Kb8
23.Be2 Rc8 24.g4 Rc7 25.Rhg1 d4 26.h4 Rgc8 27.g5 Qb6 28.Rc1 Rxc2 29.Rxc2 Rxc2
30.Qf1 b3 31.Bd3 Rh2 32.axb3 Qxb3  0-1

[Event "Chigorin Mem"]
[Site "St Petersburg RUS"]
[Date "2000.11.02"]
[Round "3"]
[White "Somkin,E"]
[Black "Smirnov,Ar"]
[Result "1-0"]
[WhiteElo "2329"]
[BlackElo "2225"]

1.e4 c5 2.Nf3 Nc6 3.d4 cxd4 4.Nxd4 Nf6 5.Nc3 d6 6.Bg5 e6 7.Bb5 Bd7 8.Bxc6 bxc6
9.Qf3 e5 10.Nf5 Bxf5 11.Qxf5 Qd7 12.Qf3 Be7 13.Rd1 O-O 14.O-O Ne8 15.Bxe7 Qxe7
16.Qd3 Qb7 17.Qc4 Rd8 18.f4 exf4 19.Rxf4 Nc7 20.Qb3 Qb6+ 21.Rf2 Rd7 22.Qxb6 axb6
23.Rfd2 Rfd8 24.Na4 Na8 25.c4 Kf8 26.Nc3 Nc7 27.b4 Ke7 28.a4 Ra8 29.Kf2 Rdd8
30.Ke3 Rd7 31.h4 h5 32.Kd3 Rdd8 33.Kc2 Rd7 34.Kb2 Rdd8 35.Kb3 Rd7 36.b5 c5
37.e5 Rad8 38.exd6+ Rxd6 39.Rxd6 Rxd6 40.Rxd6 Kxd6 41.a5 Na8 42.Ne4+ Kc7
43.a6 Kd7 44.Kc3 Ke6 45.Ng3 g6 46.Kd3 Ke5 47.Ke3 f6 48.Ne2 g5 49.Ng3 gxh4
50.Nxh5 Kf5 51.Kf3 Ke5 52.Ke3 Kf5 53.Nf4 Kg4 54.Ke4 Nc7 55.a7 Na8 56.Ng6 Nc7
57.Nxh4 Kxh4 58.Kf5  1-0

[Event "Chigorin Mem"]
[Site "St Petersburg RUS"]
[Date "2000.11.04"]
[Round "4"]
[White "Aseev,K"]
[Black "Riazantsev,A"]
[Result "1/2-1/2"]
[WhiteElo "2554"]
[BlackElo "2418"]

1.e4 c5 2.Nf3 d6 3.d4 cxd4 4.Nxd4 Nf6 5.Nc3 Nc6 6.Bg5 Bd7 7.Qd2 Rc8 8.f4 Qb6
9.Nb3 Nb4 10.Bxf6 gxf6 11.a3 Nc6 12.Nd5 Qd8 13.Ne3 a6 14.Be2 h5 15.h4 Qb6
16.O-O-O Qa7 17.Kb1 b5 18.c3 Qb8  1/2-1/2

[Event "34th Olympiad Women"]
[Site "Istanbul TUR"]
[Date "2000.11.05"]
[Round "8"]
[White "Hagarova,Z"]
[Black "Licina,A"]
[Result "1/2-1/2"]
[WhiteElo "2321"]
[BlackElo "2200"]

1.e4 c5 2.Nf3 Nc6 3.d4 cxd4 4.Nxd4 Nf6 5.Nc3 d6 6.Bg5 e6 7.Qd2 Be7 8.O-O-O O-O
9.f4 h6 10.Bh4 e5 11.Nf5 Bxf5 12.exf5 Qa5 13.Kb1 Rfe8 14.Bxf6 Bxf6 15.Nd5 Qd8
16.Bb5 exf4 17.Qxf4 Be5 18.Qg4 Rc8 19.h4 Bf6 20.Qh3 Re4 21.g4 Nb4 22.Nxf6+ Qxf6
23.c3 Qe5 24.Qg2 a6 25.Bd3 Nxd3 26.Rxd3 Rc5 27.Rhd1 Rb5 28.Qg3 h5 29.Qxe5 Rexe5
30.f6 hxg4 31.Rxd6 g3 32.R6d3 Re2 33.b3 Rf5 34.Rxg3 Rxf6 35.Rdg1 g6 36.h5 Rff2
37.hxg6 Rb2+ 38.Kc1 Rbc2+  1/2-1/2

[Event "34th Olympiad Women"]
[Site "Istanbul TUR"]
[Date "2000.11.06"]
[Round "9"]
[White "Sergeeva,M"]
[Black "Pina,S"]
[Result "1-0"]
[WhiteElo "2277"]
[BlackElo "2312"]

1.e4 c5 2.Nf3 d6 3.d4 cxd4 4.Nxd4 Nf6 5.Nc3 Nc6 6.Bg5 e6 7.Qd3 Be7 8.Rd1 a6
9.Be2 Bd7 10.O-O Qc7 11.Qg3 Rd8 12.Kh1 O-O 13.f4 Kh8 14.Nb3 b5 15.a3 Rfe8
16.Rd2 b4 17.axb4 Nxb4 18.e5 Nfd5 19.Nxd5 Nxd5 20.Bxe7 Rxe7 21.exd6 Qxd6
22.c4 Qb4 23.cxd5 Ba4 24.Rd3 exd5 25.Nd4 Qxb2 26.Bd1 Bxd1 27.Rfxd1 Rde8 28.h3 g6
29.f5 Qb4 30.Nc6 Re1+ 31.Kh2  1-0

[Event "FSIM November"]
[Site "Budapest HUN"]
[Date "2000.11.07"]
[Round "4"]
[White "Jamrich,G"]
[Black "Balogh,C"]
[Result "0-1"]
[WhiteElo "2225"]
[BlackElo "2359"]

1.e4 c5 2.Nf3 d6 3.d4 Nf6 4.Nc3 cxd4 5.Nxd4 Nc6 6.Bg5 a6 7.Qd2 Nxd4 8.Qxd4 Qa5
9.Bxf6 gxf6 10.O-O-O Rg8 11.Kb1 Be6 12.Nd5 Bxd5 13.exd5 f5 14.g3 Bg7 15.Qe3 Rc8
16.Bh3 Rc5 17.Bxf5 Rb5 18.b3 Qxa2+ 19.Kc1 Qb2+ 20.Kd2 Rxd5+ 21.Bd3 Qc3+ 22.Ke2 Re5
23.Be4 Qxe3+ 24.Kxe3 f5  0-1

[Event "34th Olympiad"]
[Site "Istanbul TUR"]
[Date "2000.11.09"]
[Round "12"]
[White "Renteria,J"]
[Black "Phiri,M"]
[Result "1-0"]
[WhiteElo "2271"]
[BlackElo "2114"]

1.e4 c5 2.Nf3 d6 3.d4 cxd4 4.Nxd4 Nf6 5.Nc3 Nc6 6.Bg5 e6 7.Qd2 a6 8.O-O-O h6
9.Be3 Nxd4 10.Bxd4 b5 11.f3 Be7 12.Kb1 b4 13.Ne2 e5 14.Be3 Qa5 15.Nc1 Be6
16.Nb3 Qa4 17.Bd3 Rc8 18.h3 d5 19.Qe2 d4 20.Bf2 O-O 21.f4 Nd7 22.f5 Bxb3
23.cxb3 Qa5 24.h4 Rc6 25.g4 Rfc8 26.g5 hxg5 27.hxg5 Bxg5 28.Rdg1 Bh6 29.f6 Rxf6
30.Qg4 Qc7 31.Bc4 Rf4 32.Qg2 Qd6 33.Be1 Qf6 34.Qh3 Rc7 35.Bd2 Rf2 36.Bxh6  1-0

[Event "Chigorin Mem"]
[Site "St Petersburg RUS"]
[Date "2000.11.09"]
[Round "8"]
[White "Grechihin,V"]
[Black "Guseva,O"]
[Result "1-0"]
[WhiteElo "2540"]
[BlackElo "2173"]

1.e4 c5 2.Nf3 Nc6 3.d4 cxd4 4.Nxd4 Nf6 5.Nc3 d6 6.Bg5 e6 7.Qd2 Be7 8.O-O-O h6
9.Bxf6 Bxf6 10.Nxc6 bxc6 11.Qxd6 Qxd6 12.Rxd6 Bb7 13.Na4 Ke7 14.Rd3 Rad8
15.Nc5 Bc8 16.c3 g5 17.Be2 Be5 18.h3 Bd6 19.Nb3 Bb7 20.Na5 Ba8 21.Rhd1 c5
22.f3 h5 23.Kc2 g4 24.hxg4 hxg4 25.Nc4 Bc7 26.Rxd8 Bxd8 27.Ne3 gxf3 28.gxf3 Bc6
29.Ng4 Bc7 30.Re1 Bf4 31.Bd1 Bb5 32.b3 Rd8 33.c4 Rd2+ 34.Kc3 Rxa2 35.Re2 Ra1
36.cxb5 Rxd1 37.Ra2 Rd7 38.e5 Kd8 39.Kc4 Rc7 40.Re2 Bg5 41.Nf2 Be7 42.Ne4 Rd7
43.Rd2 Rxd2 44.Nxd2 Bg5 45.Ne4 Bf4 46.Nd6 Ke7 47.Nc8+ Kd7 48.Nxa7 Bxe5 49.b6 f5
50.Kb5 Bd6 51.Nc6 Kc8 52.Ka6 Kd7 53.Na5 Bh2 54.b7 Bb8 55.Kb6 Bc7+ 56.Kxc5 Bd6+
57.Kb6 e5 58.Nc4 Bb8 59.b4 e4 60.fxe4 fxe4  1-0

[Event "34th Olympiad"]
[Site "Istanbul TUR"]
[Date "2000.11.10"]
[Round "13"]
[White "Antoniou,A"]
[Black "Peralta,E"]
[Result "0-1"]
[WhiteElo "2246"]
[BlackElo "2330"]

1.e4 c5 2.Nf3 d6 3.d4 cxd4 4.Nxd4 Nf6 5.Nc3 Nc6 6.Bg5 e6 7.Qd2 Be7 8.O-O-O O-O
9.Nb3 a6 10.Bxf6 gxf6 11.Qh6 Kh8 12.Qh5 Qe8 13.f4 Rg8 14.g4 b5 15.Bd3 Rg7
16.h4 Qg8 17.Rdg1 b4 18.Ne2 a5 19.Kb1 a4 20.Nbd4 Nxd4 21.Nxd4 Bb7 22.Nf3 b3
23.cxb3 axb3 24.a3 Ra4 25.Nd2 Rd4 26.Rh3 Qa8 27.g5 Ba6 28.Bxa6 Rxd2 29.Rxb3 fxg5
30.Bb7 Qa4 31.Ka2 Qc4 32.Rg3 Rc2 33.hxg5 d5 34.f5 Bf6  0-1

[Event "ch-POL Semi-Finals"]
[Site "Polanczyk POL"]
[Date "2000.11.10"]
[Round "7"]
[White "Skrzypnik,M"]
[Black "Tomczak,Raf"]
[Result "1/2-1/2"]
[WhiteElo "2223"]
[BlackElo "2253"]

1.e4 c5 2.Nf3 d6 3.d4 cxd4 4.Nxd4 Nf6 5.Nc3 Nc6 6.Bg5 e6 7.Qd2 a6 8.O-O-O Bd7
9.f3 Be7 10.Kb1 Rc8 11.h4 b5 12.Nxc6 Bxc6 13.Ne2 Qc7 14.Bxf6 gxf6 15.Nf4 a5
16.Rc1 Qb6 17.c4 b4 18.Bd3 Rb8 19.Rce1 Qd4 20.g4 Bf8 21.Ne2 Qf2 22.Ref1 Qc5
23.Ng3 Qd4 24.Ne2 Qc5 25.Ng3 Qd4 26.Nh5 Be7 27.Qe2 a4 28.Rhg1 Ra8 29.Rd1 a3
30.b3 Ra5 31.Rg2 Bd8  1/2-1/2

[Event "ch-POL Semi-Finals Women"]
[Site "Polanczyk POL"]
[Date "2000.11.11"]
[Round "8"]
[White "Sosnowska,E"]
[Black "Kadziolka,B"]
[Result "0-1"]
[WhiteElo "2075"]
[BlackElo "2074"]

1.e4 c5 2.Nf3 d6 3.d4 cxd4 4.Nxd4 Nf6 5.Nc3 Nc6 6.Bg5 e6 7.Qd2 a6 8.Be2 Bd7
9.O-O Be7 10.a4 O-O 11.Nb3 Nb4 12.Bf3 Bc6 13.Bxf6 Bxf6 14.Nd1 a5 15.c3 Na6
16.Ne3 Nc5 17.Nxc5 dxc5 18.Rfd1 Qc7 19.Nc4 Rad8 20.Qe3 Rxd1+ 21.Bxd1 b6 22.e5 Be7
23.Bc2 Rd8 24.Re1 g6 25.Qg3 b5 26.axb5 Bxb5 27.Ne3 Rd2 28.c4 Bc6 29.b3 Qd8
30.Rf1 Qd4 31.Rd1 Qc3 32.Rxd2 Qxd2 33.h3 Qd4 34.Ng4 Kg7 35.Qe3 Qxe3 36.Nxe3 Bg5
37.g3 Bxe3 38.fxe3 f6 39.exf6+ Kxf6 40.Kf2 Ke5 41.g4 Be4 42.Bd1 g5 43.Kg3 Bg6
44.h4 h6 45.hxg5 hxg5 46.Kf3 Bb1 47.Ke2 Ke4 48.Kd2 Bd3  0-1

[Event "TCh-FIN 00-01"]
[Site "FIN"]
[Date "2000.11.18"]
[Round "4"]
[White "Pulkkinen,K"]
[Black "Sorsa,N"]
[Result "0-1"]
[WhiteElo "2318"]
[BlackElo "2245"]

1.e4 c5 2.Nf3 d6 3.d4 cxd4 4.Nxd4 Nf6 5.Nc3 Nc6 6.Bg5 e6 7.Qd2 a6 8.O-O-O h6
9.Be3 Bd7 10.f4 Rc8 11.Kb1 Be7 12.h3 b5 13.Bd3 Qc7 14.Nf3 b4 15.Ne2 d5 16.exd5 Nxd5
17.Bxa6 Ra8 18.Bc4 Nxe3 19.Qxe3 O-O 20.g4 Rfc8 21.Qe4 Kf8 22.f5 exf5 23.gxf5 Bf6
24.Bb3 Ne7 25.Ned4 Ra5 26.Rd2 Nxf5 27.Nxf5 Bxf5 28.Qxb4+ Be7 29.Qd4 Rc5 30.Qa4 Ra5
31.Qd4 Rc5 32.Qf2 Bf6 33.Rhd1 Kg8 34.a3 Kh8 35.h4 Qb6 36.Ka1 Bxc2 37.Rxc2 Qxb3
38.Rd8+ Rxd8 39.Qxc5 Rd1+  0-1

[Event "Tch-AUT 2000-01"]
[Site "Gleisdorf AUT"]
[Date "2000.11.18"]
[Round "4"]
[White "Nataf,IA"]
[Black "Madl,I"]
[Result "1-0"]
[WhiteElo "2552"]
[BlackElo "2394"]

1.e4 c5 2.Nf3 d6 3.d4 cxd4 4.Nxd4 Nf6 5.Nc3 Nc6 6.Bg5 e6 7.Qd2 a6 8.O-O-O Bd7
9.f4 b5 10.Bxf6 gxf6 11.Kb1 Qb6 12.Nxc6 Bxc6 13.Qe1 O-O-O 14.Bd3 h5 15.f5 Kb8
16.fxe6 fxe6 17.Rf1 Rh6 18.Ne2 Bd7 19.Nf4 Bc8 20.Qc3 d5 21.exd5 exd5 22.Qb3 d4
23.a4 b4 24.Nd5 Qa5 25.Bc4 Bc5 26.Nxf6 Bb7 27.Rf5 h4 28.Be6 Rxf6 29.Rxf6 Bxg2
30.Rf5 Qb6 31.Qc4 Be7 32.Bd5 Bh3 33.Rf4 Bf6 34.Rxf6 Qxf6 35.Qxb4+  1-0

[Event "TCh-FIN 00-01"]
[Site "FIN"]
[Date "2000.11.19"]
[Round "5"]
[White "Hartikainen,M"]
[Black "Nevanlinna,R"]
[Result "0-1"]
[WhiteElo "2277"]
[BlackElo "2331"]

1.Nf3 c5 2.e4 d6 3.d4 Nf6 4.Nc3 cxd4 5.Nxd4 Nc6 6.Bg5 e6 7.Qd2 a6 8.O-O-O h6
9.Bf4 Bd7 10.Nxc6 Bxc6 11.f3 d5 12.Qe1 Be7 13.e5 Nd7 14.Bd2 Qc7 15.f4 O-O-O
16.Ne2 g5 17.Nd4 gxf4 18.Ba5 b6 19.Bxa6+ Bb7 20.Bxb7+ Kxb7 21.Bc3 Ra8 22.Kb1 Nc5
23.Nb5 Qc6 24.Qe2 Ne4 25.Bd4 Ra5 26.Nc3 Rha8 27.Qf3 Bb4 28.Qxf4 Bxc3 29.Qxf7+ Ka6
30.Bxc3 Nxc3+ 31.bxc3 Qxc3 32.Qf1+ Rb5+ 33.Kc1 Qe3+ 34.Rd2 Qxe5 35.Rd3 Qb2+
36.Kd2 Rc8 37.Qc1 Qb4+ 38.c3 Qe4 39.Rg3 Rc7 40.Re1 Qf5 41.Qa3+ Ra5 42.Qb3 Rc4
43.Rb1 Qf2+ 44.Kc1 Re4  0-1

[Event "VI Open"]
[Site "Lisbon POR"]
[Date "2000.11.24"]
[Round "7"]
[White "Mateo,Ra"]
[Black "Damaso,R"]
[Result "1/2-1/2"]
[WhiteElo "2371"]
[BlackElo "2386"]

1.e4 c5 2.Nf3 d6 3.d4 cxd4 4.Nxd4 Nf6 5.Nc3 Nc6 6.Bg5 e6 7.Qd2 a6 8.O-O-O Bd7
9.f3 h6 10.Be3 Nxd4 11.Bxd4 e5 12.Be3 Rc8 13.g4 Qa5 14.g5 hxg5 15.Bxg5 Be6
16.a3 Be7 17.Kb1 Rxc3 18.Qxc3 Qxc3 19.bxc3 Nxe4 20.fxe4 Bxg5 21.Rxd6 Be3
22.Rxe6+  1/2-1/2